000 00443cam a2200169 4500
001 D10853
008 090401t1981 xxu||||| |||| 00| 0 eng d
035 _a(Sirsi) u96873
041 _aeng
100 _aHowes, C.R.
245 4 _aThe surveyor and the land
260 _c1981
350 _a0
520 _aIn RICS Charter centenary celebrations, Hilton Hotel, London, 25 - 27 August 1981. 1981/62 ABC
942 _n0
948 _c04/03/1997
999 _c98703
_d98703